| 000 | 01140cam a2200349 a 4500 | ||
|---|---|---|---|
| 001 | 2108084 | ||
| 003 | OSt | ||
| 005 | 20140310184446.0 | ||
| 008 | 960812s1998 nyua b 000 1 eng | ||
| 010 | _a 96038239 | ||
| 020 | _a006027400X | ||
| 020 | _a0060274018 (lib. bdg.) | ||
| 040 |
_aDLC _cDLC _dDLC |
||
| 042 | _alcac | ||
| 050 | 0 | 0 |
_aPZ 7 _b.H635Si 2000 |
| 100 | 1 |
_aHoban, Lillian. _927799 |
|
| 245 | 1 | 0 |
_aSilly Tilly's valentine / _cstory and pictures by Lillian Hoban. |
| 250 | _a1st ed. | ||
| 260 |
_aNew York : _bHarperCollins, _c2000. |
||
| 300 |
_a47 p. : _bcol. ill. ; _c22 cm. |
||
| 440 | 3 |
_aAn I can read book _93940 |
|
| 521 | _aG1 | ||
| 526 | _c120 | ||
| 650 | 1 |
_aValentine's Day _xFiction. _927800 |
|
| 650 | 1 |
_aMoles (Animals) _xFiction. _927801 |
|
| 650 | 1 |
_aSnow _xFiction. _927802 |
|
| 856 | 4 | 2 |
_3Publisher description _uhttp://www.loc.gov/catdir/description/hc041/96038239.html |
| 906 |
_a7 _bcbc _corignew _d1 _eocip _f19 _gy-gencatlg |
||
| 942 |
_2lcc _cBK-SCHOLAS |
||
| 999 |
_c34526 _d34526 |
||